LEADER 01421nam--2200421---450- 001 990002665330203316 005 20060314114832.0 010 $a88-16-40692-5 035 $a000266533 035 $aUSA01000266533 035 $a(ALEPH)000266533USA01 035 $a000266533 100 $a20050929d2005----km-y0itaa50------ba 101 0 $aita 102 $aIT 105 $ay|||z|||001yy 200 1 $aPsicanalisi e interpretazione letteraria$eLeopardi, Pascoli, D'Annunzio, Saba, Montale, Penna, Quasimodo, Caproni, Sanguineti, Mussapi, Viviani, Morante, Primo Levi, Soldati, Biamonti$fElio Gioanola 210 $aMilano$cJaca book$d2005 215 $a447 p.$d23 cm 225 2 $aDi fronte e attraverso$v692 410 0$12001$aDi fronte e attraverso$v692 454 1 $12001 461 1$1001------$12001 606 0 $aLetteratura italiana$zSec. 19.-20. 606 0 $aLetteratura e psicanalisi 676 $a850.9 700 1$aGIOANOLA,$bElio$0153895 801 0$aIT$bsalbc$gISBD 912 $a990002665330203316 951 $aVI.3.B. 921a (V C 2491)$b179530 L.M.$cV C$d00131716 951 $aVI.3.B. 921 (V C 2491 bis)$b180325 L.M.$cV C 959 $aBK 969 $aUMA 979 $aPECORARO$b90$c20050929$lUSA01$h1204 979 $aCOPAT6$b90$c20051121$lUSA01$h1152 979 $aCOPAT4$b90$c20060314$lUSA01$h1148 996 $aPsicanalisi e interpretazione letteraria$91004508 997 $aUNISA